000 00735cam a2200277 i 4500
001 1288107
003 OSt
005 20170105103508.0
008 750924s1973 xx b 000 0 eng
010 _a 75983564
040 _aDLC
_cASAB
_dDLC
043 _af-mw---
050 0 0 _aSB251.M34
_bC46
082 0 0 _a630.7
100 1 _aPhundan Singh
_91156
245 1 0 _aCotton breeding
_cPhundan Singh
260 _a[s.l. :
_bs.n.],
_c1973.
300 _a342p ;
_c33 cm.
500 _aCover title.
504 _aBibliography: leaf 40.
650 0 _aCotton growing
_zMalawi.
_91157
650 0 _aCotton
_xBreeding.
_91158
650 0 _aCotton
_xVarieties.
_91159
906 _a7
_bcbc
_corignew
_d4
_encip
_f19
_gy-gencatlg
942 _2ddc
_cBK
999 _c17333
_d17333